| 000 | 01208cab a2200229 4500 | ||
|---|---|---|---|
| 001 | ABS68803 | ||
| 008 | 050329n2005 000 0 eng u | ||
| 035 | _a(Sirsi) u129194 | ||
| 100 | _aWilde, R. | ||
| 245 | _aReporting on timber decay in a condition survey | ||
| 260 | _c2005 | ||
| 490 |
_aJournal of Building Appraisal _v1(1) February 2005, 47-62(16) |
||
| 520 | _aAims to help surveyors reduce the risks posed by hidden dry rot in buildings surveyed. Discusses some of the problems of reporting on the presence, or risk of, concealed fungal decay (including dry rot) when making a condition survey of a property. It stresses the need for a diagnostic approach to the inspection and gives examples of how the courts have approached cases where it is claimed that the surveyor failed to discover dry rot and/or warn of the hidden risk of undiscovered rot in buildings. References. [Taken from journal abstract]. | ||
| 590 | _aABS | ||
| 650 | _aBUILT ENVIRONMENT-BUILDING PATHOLOGY-INFESTATION (FUNGAL)-FUNGI-DRY ROT | ||
| 650 | _aCONDITION SURVEYS | ||
| 650 | _aTIMBER DECAY | ||
| 650 | _aDAMPNESS | ||
| 650 | _aFUNGAL DECAY | ||
| 690 | _aBUILT ENVIRONMENT-BUILDING INSPECTION | ||
| 942 | _n0 | ||
| 999 |
_c74992 _d74992 |
||